• 首页
  • 本馆介绍
  • 公告通知
  • 最新文献
  • 馆藏检索
  • 电子资源
  • 读者导购
  • 参考咨询
  • 我的图书馆
  • 登录
  • 详细信息显示
  • 放入我的书架
  • 预约/预借图书
  • 作者相关作品
  • 分类相关作品
  • 丛书相关作品
  • 出版社相关作品

书目信息

  • 表格格式
  • 工作单格式
  • 卡片格式
题名:
两汉语类文献生成及文体研究
    
 
作者: 夏德靠 著
分册:  
出版信息: 北京   中华书局  2019.11
页数: 485页
开本: 22cm
丛书名:
单 册:
中图分类: G256.1
科图分类:
主题词: 古文献学--gu wen xian xue--研究--中国--两汉时代
电子资源:
ISBN: 978-7-101-14184-9
000 01393nam0 2200229 450
001 2131036875
005 20211029202829.0
010    @a978-7-101-14184-9@b精装@dCNY98.00
100    @a20191017d2019 em y0chiy0110 ea
101 0  @achi
102    @aCN@b110000
105    @ay z 000yy
106    @ar
200 1  @a两汉语类文献生成及文体研究@Aliang han yu lei wen xian sheng cheng ji wen ti yan jiu@f夏德靠著
210    @a北京@c中华书局@d2019.11
215    @a485页@d22cm
330    @a作为一种文体的“语”,其特征是指具有伦理道德规范的人物言论,亦即所谓的“善言”或“善语”。在这一意义上,凡是载录“善言”或“善语”的均可纳入语类文献的范畴。本书首先分析语类文献在两汉时期兴起的原因,着重考察其与儒学复兴的关系。然后在先秦语类文献编撰的宏观视野下,分析两汉语类文献编撰的特点及其文体类型。最后,进行个案研究,通过分析经典语类文献的编撰过程及文体特征,描述两汉语类文献生成的规律。这些文献大体包括两个层次:一是如《新语》《盐铁论》《法言》《说苑》等,它们体现比较完整的语类文体的特征;二是如《史记》《汉书》《吴越春秋》,这些文献严格来说并不属于纯粹的语类文献,但是《史记》《汉书》“纪传体”的建构与语类文献有很大的关联,因此,将它们纳入考察的范围,能够更加清晰地呈现两汉语类文献生成、演进的真实图景。
606 0  @a古文献学@Agu wen xian xue@x研究@y中国@x两汉时代
690    @aG256.1@v5
701  0 @a夏德靠@Axia de kao@4著
801  0 @aCN@b百万庄@c20211029
905    @b1312839-842@dG256.1@e113@f4
    
    两汉语类文献生成及文体研究/夏德靠著.-北京:中华书局,2019.11
    485页;22cm
    
    
    ISBN 978-7-101-14184-9(精装):CNY98.00
    作为一种文体的“语”,其特征是指具有伦理道德规范的人物言论,亦即所谓的“善言”或“善语”。在这一意义上,凡是载录“善言”或“善语”的均可纳入语类文献的范畴。本书首先分析语类文献在两汉时期兴起的原因,着重考察其与儒学复兴的关系。然后在先秦语类文献编撰的宏观视野下,分析两汉语类文献编撰的特点及其文体类型。最后,进行个案研究,通过分析经典语类文献的编撰过程及文体特征,描述两汉语类文献生成的规律。这些文献大体包括两个层次:一是如《新语》《盐铁论》《法言》《说苑》等,它们体现比较完整的语类文体的特征;二是如《史记》《汉书》《吴越春秋》,这些文献严格来说并不属于纯粹的语类文献,但是《史记》《汉书》“纪传体”的建构与语类文献有很大的关联,因此,将它们纳入考察的范围,能够更加清晰地呈现两汉语类文献生成、演进的真实图景。
●
相关链接 在E读中查询图书 在五车中查询图书 在当当中查询图书 在豆瓣中查询图书


正题名:两汉语类文献生成及文体研究     索取号:G256.1/113         预约/预借

序号 登录号 条形码 馆藏地/架位号 状态 备注
1 1312839   213128391   第一样本阅览室/ [索取号:G256.1/113] 在馆    
2 1312840   213128408   第四借阅区/ [索取号:G256.1/113] 在馆    
3 1312841   213128417   第四借阅区/ [索取号:G256.1/113] 在馆    
4 1312842   213128426   第四借阅区/ [索取号:G256.1/113] 在馆    
唐山师范学院图书馆 欢迎您!
大连网信软件有限公司© 版权所有